Spectral theory of bounded linear operators (Record no. 754979)

MARC details
000 -LEADER
fixed length control field 00390nam a22001457a 4500
020 ## - INTERNATIONAL STANDARD BOOK NUMBER
ISBN 9783030331511
100 ## - MAIN ENTRY--AUTHOR NAME
Personal name Kubrusly, Carlos S
245 ## - TITLE STATEMENT
Title Spectral theory of bounded linear operators
260 ## - PUBLICATION, DISTRIBUTION, ETC. (IMPRINT)
Place of publication Switzerland
Name of publisher Birkhauser
Year of publication 2020
300 ## - PHYSICAL DESCRIPTION
Number of Pages xii+249
650 ## - SUBJECT ADDED ENTRY--TOPICAL TERM
Topical Term Functional calculus
650 ## - SUBJECT ADDED ENTRY--TOPICAL TERM
Topical Term Hilbert spaces
942 ## - ADDED ENTRY ELEMENTS (KOHA)
Source of classification or shelving scheme Dewey Decimal Classification
Koha item type Book
Holdings
Withdrawn status Lost status Source of classification or shelving scheme Damaged status Not for loan Collection code Home Library Current Location Shelving location Date acquired Source of acquisition Cost, normal purchase price Full call number Accession Number Price effective from Koha item type
    Dewey Decimal Classification     Gift or donation Dept. of Mathematics Dept. of Mathematics General Stacks 08/01/2026 Donated by Dr. Krishna Kumar G on the completion of SERB sponsored project (UO. No: Ad.F1/1373/2021 dated 22/01/2024) 4659.07 515.7222 KUB-S MATG234 12/01/2026 Book